Quiz o Gliwicach - Statystyki

Ogólne statystyki
  • Ten quiz został rozwiązany 811 razy
  • Średni wynik to 9 z 19
Statystyki odpowiedzi
Wskazówka Odpowiedź % Poprawnych
Województwo, w którym są położone Gliwice śląskie
98%
Województwo, w którym Gliwice były położone w latach 1975-1998 katowickie
81%
Gliwicki klub sportowy, który wygrał męską Ekstraklase w piłce nożnej w sezonie 2018/19 Piast Gliwice
77%
Powiaty graniczące z Gliwicami Zabrze
64%
Powiaty graniczące z Gliwicami gliwicki
63%
Rodzaj uczelni akademickiej o profilu technicznym, znajdujący się w Gliwicach politechnika
62%
Gliwice były ważnym miejscem na początku tego konfliktu zbrojnego II wojna światowa
57%
W Gliwicach znajduje się ______ autostradowy węzeł
57%
Niemiecka nazwa dla Gliwic Gleiwitz
45%
Najważniejsza rzeka przepływająca przez miasto Kłodnica
40%
Dzielnica, która dzieli swoją nazwę z kopalnią węgla kamiennego leżącą w Gliwicach Sośnica
37%
Powiaty graniczące z Gliwicami tarnogórski
37%
Obecny prezydent miasta Katarzyna Kuczyńska-Budka
36%
Ulica, która łączy gliwickie Stare Miasto z dworcem kolejowym Zwycięstwa
31%
Gliwice miały 20 najbardziej __________ ________ spośród miast UE w 2016 r. zanieczyszczone powietrze
22%
Park położony w dzielnicy Stare Gliwice, w którym w latach 2008-2013 przeprowadzono modernizację Park {Szwajcaria}
19%
Spółka, która jest właścicielem wyżej wspomnianej kopalni Polska Grupa Górnicza
19%
Polski piłkarz, który urodził się w 1912r. w Gliwicach. Przez całą swoją karierę grał na pozycji obrońcy, głównie w Ruchu Chorzów Ryszard Cieślik
18%
Coroczne wydarzenie kulturalne w Gliwicach festiwal
11%
Nie znaleziono quizów pasujących do podanych kryteriów
Rozkład punktacji
Procent ludzi z każdym wynikiem
Percentyl według liczby udzielonych odpowiedzi
Twoja historia wyników
Nie rozwiązałeś tego quizu